000 00282nam a2200109Ia 4500
005 20251222175818.0
008 251222s9999||||xx |||||||||||||| ||spa||
082 _aDVD0080/W73/2012
245 0 _aFor greater glory:The True Story of Cristiada
264 _bNewLand Films
942 _cDVD
999 _c40391
_d40391